000 00620nam a2200181Ia 4500
008 151202s9999||||xx |||||||||||||| ||und||
082 _bPNVM-66821
100 _aसप्रे-चौारी विद्या.
245 _aवज्रलेख.
260 _b"देशमुख आणि कं. पब्लिशर्स, पुणे."
260 _c2004
300 _a496
600 _aसप्रे-चौारी विद्या.
630 _aवज्रलेख.
700 _aसप्रे-चौारी विद्या.
730 _aवज्रलेख.
942 _cBOOK
999 _c1333353
_d1333350